| 000 | 00739nas a2200241 4500 | ||
|---|---|---|---|
| 001 | BR9803975 | ||
| 003 | BR-BrBNA | ||
| 005 | 20231205100850.0 | ||
| 007 | ta | ||
| 008 | 230509b bl.|||p| |||| 00| 00por d | ||
| 040 |
_aBR-BrBNA _bpor _cBiblioteca Nacional de Agricultura |
||
| 041 | _a(Pt) | ||
| 072 | _aF01 | ||
| 100 | 1 | _aMartins, M.B.G. | |
| 100 | 1 | _aCastro, P.R. de C. e | |
| 245 | 1 | _aBiorreguladores na morfologia e na produtividade de frutos de tomateiro cultivar Angela Gigante | |
| 650 | _aTomate | ||
| 650 | _aVariedade | ||
| 650 | _aRegulador de Crescimento | ||
| 773 | 0 |
_tBragantia (Brazil) _xISSN 0006-8705 _g(1997), v. 56(2) p. 237-248 _wBR9803975 |
|
| 909 |
_a202311 _bLúcia _c55 _dLúcia Elande |
||
| 942 |
_2AGRIS _n0 _cANA |
||
| 999 |
_c158519 _d158519 |
||